000 00471cam a22002051 4500
001 sa 63004618
003 DLC
005 20260227111950.0
008 881028s1963 xx 000 0 beno
010 _asa 63004618
035 _a(OCoLC)23554318
040 _aDLC
_cMiU
_dDLC
042 _apremarc
050 0 0 _aPK1718.K3
_bJ3
100 1 _aKara, Bimala,
_d1921-2003.
245 1 0 _aJananī.
260 _c[1963]
300 _a100 p.
_c23 cm.
500 _aRomanized.
999 _c55762
_d55762